| 000 | 01215 a2200241 4500 | ||
|---|---|---|---|
| 003 | Nust | ||
| 005 | 20221214104853.0 | ||
| 010 | _a 98050398 | ||
| 020 | _a0137549202 | ||
| 035 | _a(DLC) 98050398 | ||
| 040 | _cNust | ||
| 082 | 0 | 0 | _a621.3822,OPP |
| 100 | 1 |
_aOppenheim, Alan V., _969572 |
|
| 245 | 1 | 0 |
_aDiscrete-time signal processing / _cAlan V. Oppenheim, Ronald W. Schafer, with John R. Buck. |
| 250 | _a2nd ed. | ||
| 260 |
_aUpper Saddle River, N.J. : _bPrentice Hall, _cc1999. |
||
| 300 |
_axxvi, 870 p. : _bill. ; _c25 cm. |
||
| 505 | _aIntroduction (Page-1), Discrete-Time Signals and Systems (Page-8), The z-Transform (Page-94), Sampling of Continuous-Time Signals (Page-140), Transform Analysis of Linear Time-Invariant Systems (Page-240), Structures for Discrete-Time Systems (Page-340), Filter Design Techniques (Page-439), The Discrete Fourier Transform (Page-541), Computation of the Discrete Fourier Transform (Page-629), Fourier Analysis of Signals Using the Discrete Fourier Transform (Page-693), Discrete Hilbert Transforms (Page-775). | ||
| 650 | 0 | _aTelecommunication Engineering. | |
| 700 | 1 |
_aBuck, John R. _9104814 |
|
| 700 | 1 |
_aSchafer, Ronald W., _d1938- _983396 |
|
| 942 |
_2ddc _cBK |
||
| 999 |
_c179928 _d179928 |
||